Your UNIX : The ultimate guide
Your UNIX: The Ultimate Guide is both an outstanding pedagogical tool and an exhaustive reference. It is the ideal text for any Unix course. It can also be used for any introductory programming course that includes Unix and for advanced courses such as those on Operating Systems and System Administr...
保存先:
| 第一著者: | |
|---|---|
| フォーマット: | 図書 |
| 言語: | Undetermined |
| 出版事項: |
Boston
McGraw-Hill
2006
|
| 主題: | |
| タグ: |
タグ追加
タグなし, このレコードへの初めてのタグを付けませんか!
|
| Thư viện lưu trữ: | Trung tâm Học liệu Trường Đại học Cần Thơ |
|---|
| LEADER | 01300nam a2200205Ia 4500 | ||
|---|---|---|---|
| 001 | CTU_137839 | ||
| 008 | 210402s9999 xx 000 0 und d | ||
| 082 | |a 005.432 | ||
| 082 | |b D229 | ||
| 100 | |a Das, Sumitabha | ||
| 245 | 0 | |a Your UNIX : | |
| 245 | 4 | |b The ultimate guide | |
| 245 | 0 | |c Sumitabha Das | |
| 260 | |a Boston | ||
| 260 | |b McGraw-Hill | ||
| 260 | |c 2006 | ||
| 520 | |a Your UNIX: The Ultimate Guide is both an outstanding pedagogical tool and an exhaustive reference. It is the ideal text for any Unix course. It can also be used for any introductory programming course that includes Unix and for advanced courses such as those on Operating Systems and System Administration. Excellent pedagogy is implemented throughout. Real-world examples make it easier for students to grasp concepts while chapters on advanced material take more experienced students beyond the basics. Over nine hundred exercises and self-test questions allow students to test and reinforce their understanding of material at different levels. This book also features coverage of Linux, where Linux differs from UNIX. | ||
| 650 | |a Operating systems (Computers),Hệ thống điều hành (Máy vi tính) | ||
| 904 | |i Trọng Hiếu,Qhieu | ||
| 980 | |a Trung tâm Học liệu Trường Đại học Cần Thơ | ||